00700cam a2200217 a 450000100100000000500170001000800410002702000150006804000290008305000150011208200210012710000460014824501150019425000110030926000320032030000280035250400420038065000150042270000240043770000210046100001191120200929162621.0780302s1979 sp a b 001 0 spa  a8437601088 aDO-SdBNPbspacLCdBNPHU00aP325b.F39 ann*bF363i, 19791 aFernández González, Ángel Raimundo.10aIntroducción a la semántica /cÁngel Raimundo Fernández González, Salvador Hervás, Valerio Báez. a3a ed. aMadrid :bCátedra,c1979. a252 p. :bil. ;c21 cm. aIncluye referencias bibliográficas. 0aSemantics.1 aHervás, Salvador.1 aBáez, Valerio.